[Event "EU-ch (Women) 20th"]
[Site "Antalya"]
[Date "2019.04.18"]
[Round "7"]
[White "Mikadze, Miranda"]
[Black "Narva, Triin"]
[Result "1/2-1/2"]
[WhiteElo "2266"]
[BlackElo "2129"]
[PlyCount "53"]
[EventDate "2019.04.11"]
[EventType "swiss"]
[EventRounds "11"]
[EventCountry "TUR"]
[SourceTitle "CBM 190"]
[Source "ChessBase"]
[SourceDate "2019.06.30"]
[SourceVersion "1"]
[SourceVersionDate "2019.06.30"]
[SourceQuality "1"]

1. e4 c5 2. c3 d5 3. exd5 Qxd5 4. d4 Nf6 5. Nf3 e6 6. Na3 Nc6 7. Nb5 Qd8 8. dxc5 Bxc5 9. Qxd8+ Kxd8 10. Bf4 Ne4 11. Rd1+ Ke7 12. Be3 Bxe3 13. fxe3 a6 14. Nbd4 Bd7 15. Bd3 Nf6 16. Ke2 Ng4 17. Rd2 Rac8 18. Rhd1 Rhd8 19. Nb3 Nce5 20. h3 Nxd3 21. Rxd3 Nf6 22. Ke1 Bc6 23. Rxd8 Rxd8 24. Nbd4 Bd5 25. a4 Ne4 26. a5 Rc8 27. Ra1 1/2-1/2

[Event "EU-ch (Women) 20th"]
[Site "Antalya"]
[Date "2019.04.15"]
[Round "5"]
[White "Mikadze, Miranda"]
[Black "Palma, Maria"]
[Result "1-0"]
[WhiteElo "2266"]
[BlackElo "1998"]
[PlyCount "45"]
[EventDate "2019.04.11"]
[EventType "swiss"]
[EventRounds "11"]
[EventCountry "TUR"]
[SourceTitle "CBM 190"]
[Source "ChessBase"]
[SourceDate "2019.06.30"]
[SourceVersion "1"]
[SourceVersionDate "2019.06.30"]
[SourceQuality "1"]

1. e4 e6 2. d4 d5 3. Bd3 dxe4 4. Bxe4 c5 5. Ne2 Nf6 6. Bf3 e5 7. dxe5 Qxd1+ 8. Kxd1 Ng4 9. Bxg4 Bxg4 10. f3 Bd7 11. Bf4 Nc6 12. Nd2 0-0-0 13. Kc1 Re8 14. Nc3 Nxe5 15. a4 f5 16. Rd1 g5 17. Bxe5 Rxe5 18. Nc4 Re6 19. Ra3 g4 20. Kb1 gxf3 21. gxf3 Bc6 22. Nb5 a6 23. Nb6+ 1-0

[Event "EU-ch (Women) 20th"]
[Site "Antalya"]
[Date "2019.04.12"]
[Round "2"]
[White "Hoang, Thanh Trang"]
[Black "Mikadze, Miranda"]
[Result "1-0"]
[WhiteElo "2435"]
[BlackElo "2266"]
[PlyCount "63"]
[EventDate "2019.04.11"]
[EventType "swiss"]
[EventRounds "11"]
[EventCountry "TUR"]
[SourceTitle "CBM 190"]
[Source "ChessBase"]
[SourceDate "2019.06.30"]
[SourceVersion "1"]
[SourceVersionDate "2019.06.30"]
[SourceQuality "1"]

1. d4 d5 2. c4 c6 3. Nf3 Nf6 4. e3 a6 5. Bd3 Bg4 6. Nbd2 e6 7. Qb3 b5 8. cxd5 cxd5 9. Ne5 Bd6 10. e4 0-0 11. Nxg4 Nxg4 12. e5 Bc7 13. h3 Nh6 14. Qc2 g6 15. Nf3 Ba5+ 16. Kf1 Nf5 17. g4 Ng7 18. Bg5 Qc8 19. Qe2 Nd7 20. Be7 Re8 21. Bf6 Bd8 22. g5 Ra7 23. h4 h5 24. gxh6 Nxf6 25. exf6 Nh5 26. Ne5 Nf4 27. Qg4 Nxd3 28. Nxg6 fxg6 29. Qxg6+ Kf8 30. h7 Rxh7 31. Qxh7 Bxf6 32. Rg1 1-0

[Event "GEO-ch (Women) 76th"]
[Site "Tbilisi"]
[Date "2019.03.30"]
[Round "11"]
[White "Mikadze, Miranda"]
[Black "Khukhashvili, Sopiko"]
[Result "0-1"]
[WhiteElo "2266"]
[BlackElo "2342"]
[PlyCount "86"]
[EventDate "2019.03.19"]
[EventType "tourn"]
[EventRounds "11"]
[EventCountry "GEO"]
[EventCategory "2"]
[SourceTitle "CBM 189 Extra"]
[Source "ChessBase"]
[SourceDate "2019.06.03"]
[SourceVersion "1"]
[SourceVersionDate "2019.06.03"]
[SourceQuality "1"]

1. e4 d6 2. d4 g6 3. Nc3 Bg7 4. g3 Nd7 5. Bg2 c6 6. a4 a5 7. Nge2 Ngf6 8. 0-0 0-0 9. h3 e5 10. Bg5 h6 11. Be3 Re8 12. Qd2 Kh7 13. Rad1 Qc7 14. f4 exd4 15. Bxd4 Nb6 16. b3 d5 17. e5 Ng8 18. Bc5 f6 19. exf6 Nxf6 20. g4 Nbd7 21. Bf2 Nf8 22. Kh1 h5 23. g5 Ng8 24. Nd4 Ne7 25. Nce2 Nf5 26. c4 dxc4 27. bxc4 Bd7 28. Qc1 Rad8 29. c5 Bc8 30. Nxf5 Bxf5 31. Rxd8 Qxd8 32. Ng3 Qd7 33. Nxf5 Qxf5 34. Qd2 Ne6 35. Qd7 Rd8 36. Qxb7 Rd3 37. Qxc6 Nxf4 38. Qe4 Rxh3+ 39. Kg1 Qxg5 40. c6 Rc3 41. Be1 Rc4 42. Qf3 Nxg2 43. Qxg2 Rg4 0-1

[Event "GEO-ch (Women) 76th"]
[Site "Tbilisi"]
[Date "2019.03.23"]
[Round "5"]
[White "Khurtsilava, Inga"]
[Black "Mikadze, Miranda"]
[Result "0-1"]
[WhiteElo "2234"]
[BlackElo "2266"]
[PlyCount "86"]
[EventDate "2019.03.19"]
[EventType "tourn"]
[EventRounds "11"]
[EventCountry "GEO"]
[EventCategory "2"]
[SourceTitle "CBM 189 Extra"]
[Source "ChessBase"]
[SourceDate "2019.06.03"]
[SourceVersion "1"]
[SourceVersionDate "2019.06.03"]
[SourceQuality "1"]

1. b3 e5 2. Bb2 Nc6 3. e3 d5 4. Nf3 Bd6 5. Bb5 f6 6. c4 a6 7. Bxc6+ bxc6 8. Qc2 Be6 9. d3 Nh6 10. e4 dxe4 11. dxe4 Qe7 12. Bc1 Nf7 13. Be3 Bc5 14. Bxc5 Qxc5 15. Nc3 0-0 16. 0-0 Nd8 17. Na4 Qe7 18. c5 a5 19. Nh4 g6 20. Rad1 Bc8 21. Rd2 Ne6 22. Nf3 g5 23. Qc3 Qf7 24. Rfd1 Qh5 25. Qe3 Nf4 26. Ne1 Bg4 27. f3 Be6 28. Nd3 Kh8 29. Nc3 Rg8 30. Ne2 a4 31. Ng3 Qf7 32. Nf5 Bxf5 33. exf5 axb3 34. Nxf4 bxa2 35. Ra1 gxf4 36. Qe2 Qh5 37. Rdxa2 Rxa2 38. Rxa2 Qxf5 39. Qe4 Qd7 40. Rc2 Qd1+ 41. Kf2 Qh1 42. g4 Rxg4 43. Ke2 Rg2+ 0-1